| 000 | 00573nam a2200145Ia 4500 | ||
|---|---|---|---|
| 008 | 090124s9999 xx 000 0 und d | ||
| 082 | _b34314 | ||
| 245 | _a दीपमाळ (माहितीपर व्यक्तीचित्रं) | ||
| 250 | _a1 | ||
| 260 |
_bकाटकर घोगरे सुचिता _c2007 |
||
| 300 | _a322 | ||
| 630 | _a दीपमाळ (माहितीपर व्यक्तीचित्रं) | ||
| 730 | _a दीपमाळ (माहितीपर व्यक्तीचित्रं) | ||
| 942 | _cBOOK | ||
| 999 |
_c198261 _d198261 |
||